000 00801nam a22002057a 4500
999 _c5789
_d5789
003 AR-CdUCM
008 190313b ||||| |||| 00| 0 spa d
040 _aMUNICIPALIDAD PROVINCIAL DEL CUSCO
_cBIBLIOTECA MUNICIPAL DEL CUSCO
082 _a190.07 /
_bG84
100 _aGuardia Mayorga, César A.
_917194
245 _aSicología del hombre concreto /
260 _aLima :
_c1967.
300 _a347 páginas ;
_bfiguras,
_c21 cm.
505 _aContenido: Formación de la ciencia sicológica -- Objeto de la sicología -- Métodos de investigación sicológica -- Estudio del sistema nervioso -- El telencefalo o cerebro ...
650 _aSicología
_917195
650 _aEstudio y enseñanza
_92610
650 _aActividad cognoscitiva o intelectual
_917196
942 _2ddc
_cLIBROS
945 _aachl